(Ten) fundamental rules of success / (Record no. 103240)

MARC details
000 -LEADER
fixed length control field 00514nam a22001697a 4500
005 - DATE AND TIME OF LATEST TRANSACTION
control field 20160909164207.0
010 ## - LCCN (DPL NO)
LC control number ENG-115989
020 ## - INTERNATIONAL STANDARD BOOK NUMBER
International Standard Book Number 9789381384206
Terms of availability 120.00
035 ## - SYSTEM CONTROL NUMBER
System control number EN-99521
037 ## - SOURCE OF ACQUISITION
Source of stock number/acquisition DBAD/PUB
082 ## - DEWEY DECIMAL CLASSIFICATION NUMBER
Classification number 158.1
245 ## - TITLE STATEMENT
Title (Ten) fundamental rules of success /
Statement of responsibility, etc Compiled by Carani Narayan Rao
260 ## - PUBLICATION, DISTRIBUTION, ETC. (IMPRINT)
Place of publication, distribution, etc New Delhi
Name of publisher, distributor, etc V&S Publishers
Date of publication, distribution, etc 2014
270 ## - ADDRESS
Address F-2/16,Ansari Road,Daryaganj
City New Delhi
Postal code 110002
300 ## - PHYSICAL DESCRIPTION
Extent 124p.
Dimensions 22cm (pbk)
942 ## - ADDED ENTRY ELEMENTS (KOHA)
Source of classification or shelving scheme Dewey Decimal Classification
Item type English Books
Classification part 158.1
Call number suffix TEN
Holdings
Withdrawn status Lost status Not for loan Collection code Home library Current library Date acquired Source of acquisition Cost, normal purchase price Full call number Barcode Copy number Cost, replacement price Koha item type
      Non-fiction Bawana Bawana 09/09/2016 DBAD/PUB 120.00 158.1 TEN EN-99521 1 120.00 English Books

© Delhi Public Library
Hit Counter
free hit counter